| 000 | 00509nam a2200181Ia 4500 | ||
|---|---|---|---|
| 999 |
_c26761 _d26761 |
||
| 003 | OSt | ||
| 005 | 20201222095809.0 | ||
| 008 | 190216s9999||||xx |||||||||||||| ||und|| | ||
| 022 | _28171803105 | ||
| 040 | _coclc | ||
| 082 |
_a894.8121 _bRAM/K |
||
| 100 |
_aRamakrishnan, K V _97059 |
||
| 245 | 0 |
_aKedavilaku / _cK V Ramakrishnan |
|
| 260 |
_bPoorna Publications, _c1992. _aKozhikode: |
||
| 300 | _a91p | ||
| 650 | _aKavithkal | ||
| 942 |
_cBK _2ddc _h894.8121 _iRAM/K _k894.8121 _mRAM/K |
||